The making of contemporary Africa (Record no. 65374)
[ view plain ]
| 000 -LEADER | |
|---|---|
| fixed length control field | 00495nam a2200205Ia 4500 |
| 003 - CONTROL NUMBER IDENTIFIER | |
| control field | 0100 |
| 005 - DATE AND TIME OF LATEST TRANSACTION | |
| control field | 20170530125146.0 |
| 008 - FIXED-LENGTH DATA ELEMENTS--GENERAL INFORMATION | |
| fixed length control field | 130303s9999 xx 000 0 und d |
| 020 ## - INTERNATIONAL STANDARD BOOK NUMBER | |
| International Standard Book Number | 9780333295007 |
| 040 ## - CATALOGING SOURCE | |
| Transcribing agency | ARRUPELIB |
| 050 ## - LIBRARY OF CONGRESS CALL NUMBER | |
| Classification number | DT28.F73 1984 |
| 300 ## - PHYSICAL DESCRIPTION | |
| Other physical details | 22cm. |
| 100 ## - MAIN ENTRY--PERSONAL NAME | |
| Personal name | Freund, Bill |
| 9 (RLIN) | 31722 |
| 245 #4 - TITLE STATEMENT | |
| Title | The making of contemporary Africa |
| 245 ## - TITLE STATEMENT | |
| Remainder of title | the development of African society since 1800 |
| 260 ## - PUBLICATION, DISTRIBUTION, ETC. (IMPRINT) | |
| Name of publisher, distributor, etc | MacMillan |
| Place of publication, distribution, etc | Houndmills |
| Date of publication, distribution, etc | 1984 |
| 300 ## - PHYSICAL DESCRIPTION | |
| Extent | 357p. |
| 650 ## - SUBJECT ADDED ENTRY--TOPICAL TERM | |
| Topical term or geographic name as entry element | Africa |
| General subdivision | History |
| Chronological subdivision | 19th century |
| 9 (RLIN) | 31723 |
| 650 ## - SUBJECT ADDED ENTRY--TOPICAL TERM | |
| Topical term or geographic name as entry element | Africa |
| General subdivision | Social conditions |
| 9 (RLIN) | 27881 |
| 650 ## - SUBJECT ADDED ENTRY--TOPICAL TERM | |
| Topical term or geographic name as entry element | Africa |
| General subdivision | History |
| Chronological subdivision | 1960 |
| 9 (RLIN) | 16762 |
| 942 ## - ADDED ENTRY ELEMENTS (KOHA) | |
| Source of classification or shelving scheme | Library of Congress Classification |
| Koha item type | Monograph ( Printed materials) |
| Withdrawn status | Lost status | Source of classification or shelving scheme | Damaged status | Not for loan | Collection code | Home library | Current library | Shelving location | Date acquired | Total Checkouts | Full call number | Barcode | Date last seen | Date checked out | Copy number | Price effective from | Koha item type |
|---|---|---|---|---|---|---|---|---|---|---|---|---|---|---|---|---|---|
| Library of Congress Classification | Main Collection | ARRUPE LIBRARY | ARRUPE LIBRARY | 05/03/2013 | 2 | DT28.F73 1984 | 46004002662 | 03/04/2018 | 28/03/2018 | 1 | 05/03/2013 | Monograph ( Printed materials) |